Entry Personal Name
Number of records used in: 1
001 - CONTROL NUMBER
003 - CONTROL NUMBER IDENTIFIER
005 - DATE AND TIME OF LATEST TRANSACTION
- control field:
20160628093231.0
008 - FIXED-LENGTH DATA ELEMENTS
- fixed length control field:
160628|| aca||aabn | a|a d
040 ## - CATALOGING SOURCE
- Original cataloging agency:
OSt
- Transcribing agency:
OSt
100 ## - HEADING--PERSONAL NAME
- Personal name:
Mohanty. Sachidananda
670 ## - SOURCE DATA FOUND
- Source citation:
Work cat.: (OSt): Mohanty. Sachidananda, Early Womens writings in oressa, 1898-1950, 2005